000 00805nam a2200253Ia 4500
003 OSt
005 20221005034726.0
006 a|||||r|||| 00| 0
007 ta
008 221004b |||||||| |||| 00| 0 urd d
020 _a9789387829275 (hbk)
_cINR 400.00
024 _a42392
037 _b2144, 16/03/2019, M.R.Publications
_cTextual
040 _aCRL
_cCRL
_burd
041 _2urd
_aurd
082 _aO168,3:g(Y15), Q8
100 _aRahi Nayeem Au.
_9587605
245 0 _aUrdu ki khawateen fiction nigar
_b azadi ke baad
260 _aDelhi
_bEducational publishing house India
_c2018
300 _a332p.
_ccm.
650 _aURDU FICTION
_93298
942 _hO168,3:g(Y15), Q8
_cTEXL
_2cc
999 _c943951
_d943951